[Event "GER-ch U25 op-A"]
[Site "Willingen"]
[Date "2015.05.28"]
[Round "7"]
[White "Wachinger, David"]
[Black "Denkert, Robert"]
[Result "1-0"]
[WhiteElo "1860"]
[BlackElo "1729"]
[PlyCount "135"]
[EventDate "2015.05.24"]
[EventType "swiss"]
[EventRounds "9"]
[EventCountry "GER"]
[SourceTitle "CBM 166 Extra"]
[Source "ChessBase"]
[SourceDate "2015.06.18"]
[SourceVersion "1"]
[SourceVersionDate "2015.06.18"]
[SourceQuality "1"]

1. d4 Nf6 2. c4 c5 3. d5 b5 4. cxb5 a6 5. bxa6 Bxa6 6. Nc3 d6 7. Nf3 g6 8. g3 Bg7 9. Bg2 0-0 10. 0-0 Qb6 11. Qc2 Nbd7 12. Rd1 Ng4 13. h3 Nge5 14. Rb1 Qb4 15. Nxe5 Nxe5 16. a3 Qa5 17. Bg5 Rfe8 18. b4 cxb4 19. axb4 Qc7 20. b5 Nd7 21. bxa6 Qxc3 22. Qxc3 Bxc3 23. Rb7 Nc5 24. Rxe7 Nxa6 25. Rc1 Be5 26. Rxe8+ Rxe8 27. Rc6 Nb4 28. Rc7 Kg7 29. Rd7 Ra8 30. Be7 Ra2 31. Bxd6 Bxd6 32. Rxd6 Rxe2 33. Rb6 Nd3 34. Bf1 Re1 35. Rb3 Nc5 36. Rc3 Nd7 37. Kg2 Rd1 38. Rd3 Ra1 39. Rd2 Kf6 40. Bb5 Ke7 41. Kf3 Kd6 42. Kf4 f6 43. Rb2 Ne5 44. Rd2 Rb1 45. Be2 Rb4+ 46. Ke3 Nc4+ 47. Bxc4 Rxc4 48. Rd4 Rc5 49. Ke4 h6 50. h4 Rc1 51. h5 gxh5 52. Kf5 Rc2 53. Rf4 Kxd5 54. Kxf6 Rc6+ 55. Kf5 Rd6 56. Rh4 Kc6 57. Rxh5 Kd7 58. Kg4 Ke7 59. Rf5 Rd4+ 60. Kh5 Rd6 61. g4 Ra6 62. f4 Rb6 63. Ra5 Kf7 64. f5 Kg7 65. Ra7+ Kg8 66. Re7 Rb4 67. Re6 Kg7 68. Rg6+ 1-0

[Event "Magdeburg op-A"]
[Site "Magdeburg"]
[Date "2014.06.09"]
[Round "3"]
[White "Denkert, Robert"]
[Black "Wieber, Dominik"]
[Result "0-1"]
[WhiteElo "1660"]
[BlackElo "1808"]
[PlyCount "94"]
[EventDate "2014.06.08"]
[EventType "swiss"]
[EventRounds "9"]
[EventCountry "GER"]
[SourceTitle "CBM 160 Extra"]
[Source "ChessBase"]
[SourceDate "2014.07.01"]
[SourceVersion "1"]
[SourceVersionDate "2014.07.01"]
[SourceQuality "1"]

1. e4 e5 2. Nf3 Nc6 3. Bc4 Bc5 4. c3 Nf6 5. d3 d6 6. a4 a6 7. Nbd2 Be6 8. Ba2 0-0 9. 0-0 Ne7 10. Re1 Ng6 11. Nf1 Bxa2 12. Rxa2 Re8 13. Be3 Bxe3 14. Nxe3 d5 15. exd5 Nxd5 16. Ra1 Nxe3 17. Rxe3 Qd5 18. d4 Rad8 19. Re1 e4 20. Nd2 Nf4 21. Qg4 Nd3 22. Nxe4 Kh8 23. Re3 f5 24. c4 Qxe4 25. Rxe4 fxg4 26. Rxg4 Nxb2 27. c5 Nxa4 28. f3 Nc3 29. Kf1 Nb5 30. Rb1 c6 31. Rb4 Rd5 32. Kf2 Kg8 33. Rf4 g5 34. Rg4 Kf7 35. h4 h6 36. hxg5 hxg5 37. f4 Rf5 38. Kf3 gxf4 39. Rxf4 Kf6 40. Kg4 Rg8+ 41. Kf3 Rxf4+ 42. Kxf4 Rxg2 43. Ke4 Rg4+ 44. Kd3 Kf5 45. Ke3 Rg3+ 46. Ke2 Ke6 47. Kf2 Rd3 0-1

[Event "GER-ch U25 op-A"]
[Site "Oberhof"]
[Date "2013.05.25"]
[Round "9"]
[White "Denkert, Robert"]
[Black "Kast, Joannis"]
[Result "0-1"]
[WhiteElo "1631"]
[BlackElo "1823"]
[PlyCount "122"]
[EventDate "2013.05.19"]
[EventType "swiss"]
[EventRounds "9"]
[EventCountry "GER"]
[SourceTitle "CBM 154 Extra"]
[Source "ChessBase"]
[SourceDate "2013.06.25"]
[SourceVersion "2"]
[SourceVersionDate "2013.06.25"]
[SourceQuality "1"]

1. d4 d5 2. f4 e6 3. e3 c5 4. c3 Nf6 5. Bd3 Nc6 6. Nf3 Bd6 7. Nbd2 Qc7 8. 0-0 cxd4 9. exd4 Bxf4 10. Nb3 Bd6 11. Bg5 h6 12. Bh4 Ng4 13. Ne5 Ngxe5 14. dxe5 Nxe5 15. Kh1 Nxd3 16. Qxd3 0-0 17. Nd2 Qc6 18. Bg3 e5 19. c4 d4 20. Ne4 Bc7 21. Bh4 f5 22. Ng3 f4 23. Ne4 Bf5 24. Rae1 g5 25. Bf2 Rad8 26. Re2 Bg4 27. Ree1 f3 28. Bg3 fxg2+ 29. Kxg2 Bf5 30. Kg1 Bxe4 31. Rxf8+ Rxf8 32. Rxe4 Qf6 33. Kg2 Kg7 34. a3 Qf5 35. b4 g4 36. a4 Kf6 37. c5 Ke6 38. Qc4+ Ke7 39. Qd3 Ke6 40. Qc4+ Ke7 41. Qd3 Qf3+ 42. Qxf3 gxf3+ 43. Kf2 Rf5 44. Rg4 Kf7 45. h4 Bd8 46. Re4 Bf6 47. b5 h5 48. c6 bxc6 49. bxc6 Ke6 50. a5 Bd8 51. a6 Kd5 52. Re1 Bc7 53. Rc1 Rf7 54. Re1 e4 55. Bxc7 Rxc7 56. Rb1 Rxc6 57. Rb5+ Kc4 58. Rxh5 Rxa6 59. Re5 Ra2+ 60. Ke1 e3 61. h5 Ra1# 0-1

[Event "GER-ch U25 op-A"]
[Site "Oberhof"]
[Date "2013.05.24"]
[Round "8"]
[White "Wodzinski, Kristin"]
[Black "Denkert, Robert"]
[Result "0-1"]
[WhiteElo "1643"]
[BlackElo "1631"]
[PlyCount "64"]
[EventDate "2013.05.19"]
[EventType "swiss"]
[EventRounds "9"]
[EventCountry "GER"]
[SourceTitle "CBM 154 Extra"]
[Source "ChessBase"]
[SourceDate "2013.06.25"]
[SourceVersion "2"]
[SourceVersionDate "2013.06.25"]
[SourceQuality "1"]

1. d4 Nf6 2. Nf3 g6 3. c4 c5 4. e3 cxd4 5. exd4 Bg7 6. Nc3 0-0 7. Be2 d6 8. h3 Bf5 9. 0-0 Qc7 10. Bf4 b6 11. Rc1 Nbd7 12. Re1 Rfe8 13. Nd2 e5 14. Nb5 Qb8 15. Bf3 exf4 16. Rxe8+ Nxe8 17. Bxa8 Qxa8 18. Nb3 a6 19. Nc3 Nef6 20. Qe2 f3 21. Qe3 fxg2 22. d5 Qb8 23. Nd4 Ne5 24. Nxf5 gxf5 25. b3 f4 26. Qe2 Qc8 27. Kxg2 f3+ 28. Qxf3 Nxf3 29. Kxf3 Qxh3+ 30. Ke2 Qh5+ 31. Ke1 Qh1+ 32. Kd2 Bh6+ 0-1

[Event "GER-ch U25 op-A"]
[Site "Oberhof"]
[Date "2013.05.22"]
[Round "6"]
[White "Nguyen, Anh Van"]
[Black "Denkert, Robert"]
[Result "1/2-1/2"]
[WhiteElo "1630"]
[BlackElo "1631"]
[PlyCount "42"]
[EventDate "2013.05.19"]
[EventType "swiss"]
[EventRounds "9"]
[EventCountry "GER"]
[SourceTitle "CBM 154 Extra"]
[Source "ChessBase"]
[SourceDate "2013.06.25"]
[SourceVersion "2"]
[SourceVersionDate "2013.06.25"]
[SourceQuality "1"]

1. e4 e6 2. c4 Ne7 3. Nc3 d5 4. cxd5 exd5 5. exd5 Nxd5 6. Nf3 Nc6 7. Be2 Bb4 8. 0-0 0-0 9. Bc4 Be6 10. Nxd5 Bxd5 11. Bxd5 Qxd5 12. d4 Rad8 13. Be3 Rd7 14. Qc2 h6 15. Rfd1 Rfd8 16. h3 Qe6 17. a3 Ba5 18. Rac1 Bb6 19. Qc3 Qe4 20. Qd3 Qe7 21. Qc3 Qe4 1/2-1/2

[Event "GER-ch U25 op-A"]
[Site "Oberhof"]
[Date "2013.05.21"]
[Round "5"]
[White "Denkert, Robert"]
[Black "Engers, Felix"]
[Result "0-1"]
[WhiteElo "1631"]
[BlackElo "1804"]
[PlyCount "38"]
[EventDate "2013.05.19"]
[EventType "swiss"]
[EventRounds "9"]
[EventCountry "GER"]
[SourceTitle "CBM 154 Extra"]
[Source "ChessBase"]
[SourceDate "2013.06.25"]
[SourceVersion "2"]
[SourceVersionDate "2013.06.25"]
[SourceQuality "1"]

1. e4 c5 2. Nc3 g6 3. g3 Bg7 4. Bg2 e6 5. d3 Ne7 6. Be3 d6 7. f4 0-0 8. Nf3 b6 9. d4 Bb7 10. e5 Nf5 11. Bf2 cxd4 12. Nb5 dxe5 13. fxe5 Nd7 14. Nd6 Nxd6 15. exd6 Ne5 16. Bxd4 Bxf3 17. Bxf3 Nxf3+ 18. Qxf3 Bxd4 19. 0-0-0 Qf6 0-1

[Event "GER-ch U25 op-A"]
[Site "Oberhof"]
[Date "2013.05.21"]
[Round "4"]
[White "Wendler, Simon"]
[Black "Denkert, Robert"]
[Result "1/2-1/2"]
[WhiteElo "1413"]
[BlackElo "1631"]
[PlyCount "41"]
[EventDate "2013.05.19"]
[EventType "swiss"]
[EventRounds "9"]
[EventCountry "GER"]
[SourceTitle "CBM 154 Extra"]
[Source "ChessBase"]
[SourceDate "2013.06.25"]
[SourceVersion "2"]
[SourceVersionDate "2013.06.25"]
[SourceQuality "1"]

1. e4 e6 2. d4 d5 3. Nc3 Bb4 4. e5 c5 5. a3 Bxc3+ 6. bxc3 Ne7 7. Nf3 Nbc6 8. h4 h6 9. Bd3 c4 10. Be2 Bd7 11. Bd2 Qc7 12. Rb1 0-0-0 13. Nh2 Rdf8 14. g4 Ng8 15. f4 f5 16. Nf1 Nge7 17. h5 g6 18. Ng3 fxg4 19. Bxg4 Nf5 20. Nxf5 gxf5 21. Bf3 1/2-1/2

[Event "GER-ch U25 op-A"]
[Site "Oberhof"]
[Date "2013.05.19"]
[Round "1"]
[White "Denkert, Robert"]
[Black "Stabernack, Joschi"]
[Result "0-1"]
[WhiteElo "1631"]
[BlackElo "2022"]
[PlyCount "48"]
[EventDate "2013.05.19"]
[EventType "swiss"]
[EventRounds "9"]
[EventCountry "GER"]
[SourceTitle "CBM 154 Extra"]
[Source "ChessBase"]
[SourceDate "2013.06.25"]
[SourceVersion "2"]
[SourceVersionDate "2013.06.25"]
[SourceQuality "1"]

1. d4 Nf6 2. f4 g6 3. Nf3 Bg7 4. e3 d6 5. Bc4 0-0 6. 0-0 Nbd7 7. Nc3 c5 8. a4 b6 9. Qe1 e6 10. b3 Bb7 11. Bb2 a6 12. Rd1 d5 13. Bd3 Qc7 14. Ne5 Rfd8 15. Kh1 Nb8 16. Rc1 Nc6 17. Na2 Na5 18. Bc3 Nc6 19. Bb2 b5 20. c4 dxc4 21. bxc4 bxa4 22. dxc5 Nxe5 23. Bxe5 Qc6 24. Nb4 Qxg2# 0-1

[Event "GER-ch U25 op-A"]
[Site "Oberhof"]
[Date "2013.05.19"]
[Round "2"]
[White "Weiss, Reinhold"]
[Black "Denkert, Robert"]
[Result "0-1"]
[WhiteElo "1861"]
[BlackElo "1631"]
[PlyCount "48"]
[EventDate "2013.05.19"]
[EventType "swiss"]
[EventRounds "9"]
[EventCountry "GER"]
[SourceTitle "CBM 154 Extra"]
[Source "ChessBase"]
[SourceDate "2013.06.25"]
[SourceVersion "2"]
[SourceVersionDate "2013.06.25"]
[SourceQuality "1"]

1. e4 e6 2. d4 d5 3. exd5 exd5 4. Bd3 Nf6 5. c3 c5 6. dxc5 Bxc5 7. Nf3 0-0 8. 0-0 Qb6 9. b4 Bd6 10. Be3 Qc7 11. h3 Nc6 12. Na3 a6 13. Rc1 Be6 14. Nd4 Rac8 15. Nf5 Bf4 16. Qe2 Bxe3 17. Qxe3 Rfe8 18. Qg5 Bxf5 19. Qxf5 Ne4 20. Qxd5 Rcd8 21. Qf5 Rxd3 22. f3 g6 23. Qg4 h5 24. Qh4 Qg3 0-1

[Event "GER-chT North U14"]
[Site "Magdeburg"]
[Date "2012.09.09"]
[Round "7.1"]
[White "Heinemann, Josefine"]
[Black "Denkert, Robert"]
[Result "1-0"]
[WhiteElo "1861"]
[BlackElo "1587"]
[PlyCount "125"]
[EventDate "2012.09.06"]
[EventType "team-swiss"]
[EventRounds "7"]
[EventCountry "GER"]
[SourceTitle "EXT 2015"]
[Source "ChessBase"]
[SourceDate "2014.11.20"]
[SourceVersion "1"]
[SourceVersionDate "2014.11.20"]
[SourceQuality "1"]
[WhiteTeam "Magdeburg USC"]
[BlackTeam "Berlin Empor"]
[WhiteTeamCountry "GER"]
[BlackTeamCountry "GER"]

1. e4 e5 2. Nf3 Nf6 3. Nxe5 d6 4. Nf3 Nxe4 5. d4 d5 6. Bd3 Be7 7. 0-0 Bg4 8. c4 Nc6 9. Re1 Bxf3 10. Qxf3 Nxd4 11. Qe3 Nf5 12. Qf4 Nfd6 13. cxd5 Nc5 14. Bc2 0-0 15. Qe3 Nc8 16. Nc3 Nd7 17. Qh3 Nf6 18. Bg5 h6 19. Bxh6 gxh6 20. Qxh6 Qd6 21. Qg5+ Kh8 22. Re3 Nh7 23. Qh5 f5 24. Rh3 Bh4 25. Qxh4 Qg6 26. Rg3 Qf6 27. Qxf6+ Rxf6 28. Re1 Nd6 29. Re7 Re8 30. Rge3 Rc8 31. Rh3 Nf7 32. Re6 Nfg5 33. Rxh7+ Nxh7 34. Rxf6 Nxf6 35. Bxf5 Re8 36. Kf1 Re5 37. Be6 c6 38. f4 Re3 39. Kf2 Rd3 40. Ke2 Rd4 41. dxc6 bxc6 42. Ke3 Rd6 43. Bf5 Nd5+ 44. Nxd5 Rxd5 45. Be4 Ra5 46. a3 Rb5 47. b4 Rb6 48. Kd4 Ra6 49. Ke5 Rxa3 50. Bxc6 Rc3 51. Bd5 Rc2 52. b5 Rc5 53. f5 Kg7 54. Ke6 Rxb5 55. f6+ Kf8 56. g4 Rb2 57. g5 Rxh2 58. g6 Rh5 59. g7+ Kg8 60. Ke7+ Rxd5 61. f7+ Kxg7 62. f8Q+ Kh7 63. Qf7+ 1-0

[Event "GER-chT North U14"]
[Site "Magdeburg"]
[Date "2012.09.08"]
[Round "6.1"]
[White "Denkert, Robert"]
[Black "Altstadt, Karl Simon"]
[Result "1/2-1/2"]
[WhiteElo "1587"]
[BlackElo "1704"]
[PlyCount "75"]
[EventDate "2012.09.06"]
[EventType "team-swiss"]
[EventRounds "7"]
[EventCountry "GER"]
[SourceTitle "EXT 2015"]
[Source "ChessBase"]
[SourceDate "2014.11.20"]
[SourceVersion "1"]
[SourceVersionDate "2014.11.20"]
[SourceQuality "1"]
[WhiteTeam "Berlin Empor"]
[BlackTeam "Halle USV"]
[WhiteTeamCountry "GER"]
[BlackTeamCountry "GER"]

1. e4 c5 2. f4 d6 3. Bb5+ Bd7 4. Bxd7+ Qxd7 5. Nf3 Nc6 6. c3 e6 7. 0-0 Nge7 8. d3 g6 9. Be3 b6 10. Qe1 Bg7 11. Nbd2 0-0 12. Qg3 d5 13. f5 exf5 14. Qh3 d4 15. cxd4 Nxd4 16. Bh6 Ne2+ 17. Kh1 Qxd3 18. Rad1 Rfd8 19. b3 fxe4 20. Bxg7 Kxg7 21. Ng5 Qxh3 22. Rxf7+ Kg8 23. gxh3 e3 24. Rxe7 Rxd2 25. Re1 Nf4 26. Ne4 Nxh3 27. Rxe3 Nf2+ 28. Nxf2 Rxf2 29. Rb7 Rd8 30. Kg1 Rxa2 31. Re1 h5 32. h4 Rb2 33. Rxa7 Rxb3 34. Ree7 Rf3 35. Rg7+ Kf8 36. Rh7 Ke8 37. Rhe7+ Kf8 38. Rh7 1/2-1/2

[Event "GER-ch U25 op-B"]
[Site "Oberhof"]
[Date "2012.05.29"]
[Round "5"]
[White "Denkert, Robert"]
[Black "Focke, Adrian"]
[Result "1-0"]
[WhiteElo "1491"]
[BlackElo "1312"]
[PlyCount "31"]
[EventDate "2012.05.27"]
[EventType "swiss"]
[EventRounds "9"]
[EventCountry "GER"]
[SourceTitle "CBM 148 Extra"]
[Source "ChessBase"]
[SourceDate "2012.06.22"]
[SourceVersion "1"]
[SourceVersionDate "2012.06.22"]
[SourceQuality "1"]

1. e4 e5 2. Nf3 Nc6 3. Bc4 Bc5 4. c3 Nf6 5. d3 0-0 6. 0-0 h6 7. a4 a6 8. h3 d6 9. Re1 Re8 10. Nbd2 Bd7 11. Nf1 Rb8 12. Ng3 Qc8 13. Nh4 Ne7 14. Qf3 g5 15. Qxf6 Be6 16. Nh5 1-0

[Event "GER-chT Nord-Ost U20 U20 1112"]
[Site "Germany"]
[Date "2012.05.12"]
[Round "8.4"]
[White "Denkert, Robert"]
[Black "Hansch, Stephan"]
[Result "0-1"]
[WhiteElo "1428"]
[BlackElo "1779"]
[PlyCount "64"]
[EventDate "2011.09.24"]
[EventType "team-tourn"]
[EventRounds "9"]
[EventCountry "GER"]
[SourceTitle "EXT 2015"]
[Source "ChessBase"]
[SourceDate "2014.11.20"]
[SourceVersion "1"]
[SourceVersionDate "2014.11.20"]
[SourceQuality "1"]

1. e4 c5 2. Nc3 d6 3. f4 Nc6 4. Nf3 g6 5. g3 Bg7 6. Bg2 e6 7. 0-0 Nge7 8. d3 0-0 9. Be3 Nd4 10. Rb1 Rb8 11. Ne2 Ndc6 12. Kh1 b6 13. d4 cxd4 14. Nexd4 Bb7 15. Nxc6 Bxc6 16. Nd4 Bb7 17. Nb5 Ba6 18. c4 Bxb5 19. cxb5 Rc8 20. b3 Qd7 21. Qd3 Rc3 22. Qd2 Rfc8 23. a4 Rc2 24. Qd1 d5 25. Bd4 dxe4 26. Bxg7 Kxg7 27. Bxe4 f5 28. Bf3 Rd2 29. Qe1 Rcc2 30. Qe5+ Kf7 31. Qh8 Rxh2+ 32. Kg1 Qd2 0-1

[Event "GER-chB U25"]
[Site "Oberhof"]
[Date "2011.06.13"]
[Round "3"]
[White "Martin, Raphael"]
[Black "Denkert, Robert"]
[Result "1/2-1/2"]
[WhiteElo "1431"]
[BlackElo "1220"]
[PlyCount "72"]
[EventDate "2011.06.11"]
[EventType "swiss"]
[EventRounds "9"]
[EventCountry "GER"]
[SourceTitle "CBM 142 Extra"]
[Source "ChessBase"]
[SourceDate "2011.06.27"]
[SourceVersion "1"]
[SourceVersionDate "2011.06.27"]
[SourceQuality "1"]

1. e4 e5 2. Nf3 Nf6 3. d4 Nxe4 4. Bd3 d5 5. Nxe5 Be6 6. 0-0 Nd7 7. f4 c5 8. Be3 cxd4 9. Bxd4 Nxe5 10. fxe5 Bc5 11. Bxe4 Bxd4+ 12. Qxd4 dxe4 13. Qe3 0-0 14. Nc3 Qc7 15. Rae1 Qxe5 16. Qxe4 Qxe4 17. Rxe4 Rfd8 18. Rf2 g6 19. Ree2 Rd6 20. Rd2 Rad8 21. Ne4 Rxd2 22. Rxd2 Rxd2 23. Nxd2 Kf8 24. a3 Bd5 25. Kf2 Ke7 26. g3 b5 27. Ke3 g5 28. Kd4 Kd6 29. Nf1 f5 30. Nd2 h5 31. c3 a6 32. Nf1 Bg2 33. Ne3 Be4 34. b4 Bb1 35. Nd5 h4 36. Ne3 Be4 1/2-1/2

[Event "GER-chB U25"]
[Site "Oberhof"]
[Date "2011.06.12"]
[Round "1"]
[White "Kololli, Martin"]
[Black "Denkert, Robert"]
[Result "1/2-1/2"]
[WhiteElo "1553"]
[BlackElo "1220"]
[PlyCount "29"]
[EventDate "2011.06.11"]
[EventType "swiss"]
[EventRounds "9"]
[EventCountry "GER"]
[SourceTitle "CBM 142 Extra"]
[Source "ChessBase"]
[SourceDate "2011.06.27"]
[SourceVersion "1"]
[SourceVersionDate "2011.06.27"]
[SourceQuality "1"]

1. e4 e5 2. Nf3 Nf6 3. Nc3 d6 4. Bc4 Be7 5. d3 Nbd7 6. Be3 c6 7. Qd2 Qc7 8. Bb3 0-0 9. 0-0 b6 10. Ne2 d5 11. Ng3 Nc5 12. Bxc5 Bxc5 13. exd5 cxd5 14. Rae1 Bd6 15. Rb1 1/2-1/2

[Event "Berlin-ch 2011 U14 Vorrunde 1"]
[Site "Berlin"]
[Date "2010.09.19"]
[Round "3.6"]
[White "Petersen, Marcel"]
[Black "Denkert, Robert"]
[Result "1-0"]
[WhiteElo "1322"]
[BlackElo "1115"]
[PlyCount "55"]
[EventDate "2010.09.18"]
[EventType "swiss"]
[EventRounds "7"]
[EventCountry "GER"]
[SourceTitle "EXT 2022"]
[Source "ChessBase"]
[SourceDate "2021.10.06"]
[SourceVersion "1"]
[SourceVersionDate "2021.10.06"]
[SourceQuality "1"]

1. e4 c5 2. c3 e6 3. Nf3 Nc6 4. d4 Qc7 5. Bb5 a6 6. Bxc6 Qxc6 7. Nbd2 Nf6 8. Qe2 Be7 9. Ne5 Qb6 10. Ndc4 Qc7 11. 0-0 b5 12. Nd2 Bb7 13. Qd3 Bd6 14. f4 cxd4 15. cxd4 Qb6 16. b3 Bb4 17. Re1 h6 18. Kh1 g5 19. f5 Rg8 20. d5 Bd6 21. Nef3 Ng4 22. Rf1 Nf2+ 23. Rxf2 Qxf2 24. dxe6 dxe6 25. Qxd6 g4 26. Ba3 Qh4 27. Nxh4 Rd8 28. Qe7# 1-0